[Event "TUR-chT 2nd League"]
[Site "Denizli"]
[Date "2023.07.12"]
[Round "6.103"]
[White "Kayan, Veli"]
[Black "Akman, Ozgur"]
[Result "1/2-1/2"]
[WhiteElo "1857"]
[BlackElo "1970"]
[PlyCount "122"]
[EventDate "2023.07.09"]
[EventType "team-swiss"]
[EventRounds "9"]
[EventCountry "TUR"]
[SourceTitle "CBM 215 Extra"]
[Source "ChessBase"]
[SourceDate "2023.09.30"]
[SourceVersion "1"]
[SourceVersionDate "2023.09.30"]
[SourceQuality "1"]
[WhiteTeam "Cigli Batubey"]
[BlackTeam "Afyonkarahisar Basari"]
[WhiteTeamCountry "TUR"]
[BlackTeamCountry "TUR"]

1. e4 e5 2. Nf3 Nc6 3. Bc4 Bc5 4. c3 Nf6 5. d4 exd4 6. cxd4 Bb4+ 7. Bd2 Bxd2+ 8. Nbxd2 d5 9. exd5 Nxd5 10. Qb3 Nce7 11. 0-0 0-0 12. Rfe1 c6 13. Ne4 Qb6 14. Nc5 Qxb3 15. Bxb3 Rd8 16. Rac1 Rb8 17. h3 Kf8 18. Re5 Ng6 19. Ree1 Ngf4 20. g3 Nxh3+ 21. Kg2 g5 22. Nd2 h5 23. Re5 f6 24. Ree1 Bf5 25. Nde4 Kg7 26. Nc3 Nxc3 27. bxc3 Re8 28. Be6 Bxe6 29. Nxe6+ Kf7 30. Nc5 Rxe1 31. Rxe1 g4 32. f4 b6 33. Ne4 Rd8 34. Nd2 Rd5 35. Nb3 Rd8 36. Re4 Rd7 37. Nc1 Rd6 38. Nb3 a5 39. Nd2 c5 40. Nc4 Re6 41. Rxe6 Kxe6 42. Nxb6 cxd4 43. cxd4 f5 44. a4 h4 45. Nc4 hxg3 46. Kxg3 Ng1 47. Kf2 Nf3 48. Nxa5 Nxd4 49. Nc4 Kd5 50. Ne3+ Ke4 51. Ng2 Nc6 52. Kg3 Na5 53. Nh4 Nb3 54. Ng6 Nd4 55. a5 Kd5 56. a6 Kc6 57. Ne7+ Kb6 58. Nxf5 Nxf5+ 59. Kxg4 Kxa6 60. Kf3 Ne3 61. Ke4 Nf5 1/2-1/2

[Event "TUR-chT 2nd League"]
[Site "Denizli"]
[Date "2023.07.11"]
[Round "4.93"]
[White "Kayan, Veli"]
[Black "Gulenc, Ahmet Fazil"]
[Result "0-1"]
[WhiteElo "1857"]
[BlackElo "1771"]
[PlyCount "113"]
[EventDate "2023.07.09"]
[EventType "team-swiss"]
[EventRounds "9"]
[EventCountry "TUR"]
[SourceTitle "CBM 215 Extra"]
[Source "ChessBase"]
[SourceDate "2023.09.30"]
[SourceVersion "1"]
[SourceVersionDate "2023.09.30"]
[SourceQuality "1"]
[WhiteTeam "Cigli Batubey"]
[BlackTeam "Ordu Gul Bahcesi"]
[WhiteTeamCountry "TUR"]
[BlackTeamCountry "TUR"]

1. e4 c5 2. Nf3 a6 3. c3 e6 4. d4 d5 5. e5 Qb6 6. Bd3 Bd7 7. 0-0 Bb5 8. dxc5 Bxc5 9. b4 Be7 10. a4 Bxd3 11. Qxd3 Nd7 12. Ra2 Rc8 13. a5 Qc7 14. Re2 h6 15. Be3 Bd8 16. Bf4 Ne7 17. Nd4 Ng6 18. Nxe6 Qc4 19. Nxg7+ Kf8 20. Ne6+ Ke7 21. Qd2 fxe6 22. Bxh6 Ndxe5 23. Bg7 Rh5 24. Qe3 Bc7 25. f4 Rg8 26. Bxe5 Nxe5 27. Nd2 Qb5 28. c4 dxc4 29. fxe5 Bxe5 30. Nf3 Qd5 31. Nxe5 Rxe5 32. Qxe5 Rxg2+ 33. Rxg2 Qxe5 34. h3 c3 35. Rff2 Qd4 36. Rg4 Qd1+ 37. Kh2 c2 38. Rg7+ Kd6 39. Rg8 c1Q 40. Rd8+ Ke5 41. Rxd1 Qxd1 42. h4 Qg4 43. Rc2 Qxh4+ 44. Kg1 Qg3+ 45. Kh1 Qh3+ 46. Kg1 Kd4 47. b5 Kd3 48. Rb2 Qg3+ 49. Kh1 Qh4+ 50. Kg2 Qg5+ 51. Kh1 Qc1+ 52. Kg2 Qxb2+ 53. Kf3 Qf6+ 54. Kg4 Ke4 55. bxa6 Qg6+ 56. Kh3 Kf3 57. a7 0-1

[Event "TUR-chT 2nd League"]
[Site "Konya"]
[Date "2022.08.25"]
[Round "5.7"]
[White "Boz, Fatih Emre"]
[Black "Kayan, Veli"]
[Result "1/2-1/2"]
[WhiteElo "1797"]
[BlackElo "1856"]
[PlyCount "107"]
[EventDate "2022.08.22"]
[EventType "team-swiss"]
[EventRounds "9"]
[EventCountry "TUR"]
[SourceTitle "CBM 210 Extra"]
[Source "ChessBase"]
[SourceDate "2022.11.30"]
[SourceVersion "1"]
[SourceVersionDate "2022.11.30"]
[SourceQuality "1"]
[WhiteTeam "Denizli Ihtisas"]
[BlackTeam "Cigli Batubey"]
[WhiteTeamCountry "TUR"]
[BlackTeamCountry "TUR"]

1. e4 g6 2. d4 Bg7 3. Nc3 d6 4. f4 a6 5. Nf3 Bg4 6. Be3 Nc6 7. Be2 e5 8. fxe5 Bxf3 9. Bxf3 dxe5 10. d5 Nd4 11. 0-0 Ne7 12. g3 0-0 13. Bg2 Rc8 14. Qd2 c6 15. Rac1 b5 16. dxc6 Rxc6 17. Nd5 Nxd5 18. exd5 Rc4 19. b3 Rc3 20. Bxd4 exd4 21. Rf3 Qb6 22. Kh1 Rfc8 23. Rxc3 Rxc3 24. Re1 Bf6 25. Be4 Qd8 26. Qg2 Qe7 27. Rf1 Bg5 28. Bd3 Be3 29. a4 bxa4 30. bxa4 Qd6 31. Qe4 Kg7 32. g4 Rc5 33. Qe8 Qxd5+ 34. Be4 Qe6 35. Qxe6 fxe6 36. Rb1 Kf6 37. Rb6 Ra5 38. Bd3 Rxa4 39. Rxa6 Rxa6 40. Bxa6 Kg5 41. Be2 Kf4 42. Kg2 e5 43. h3 e4 44. Bc4 Bd2 45. Kf2 Bb4 46. Bg8 h6 47. Bf7 g5 48. Bc4 Bc5 49. Kg2 Ke3 50. Bd5 Bb4 51. Bc6 Be1 52. Bb7 Bb4 53. Bc6 Bc5 54. Bb7 1/2-1/2

[Event "Novi Sad Vojvodina op 12th"]
[Site "Novi Sad"]
[Date "2022.07.25"]
[Round "2"]
[White "Kayan, Veli"]
[Black "Han, Yichen"]
[Result "0-1"]
[WhiteElo "1864"]
[BlackElo "2286"]
[PlyCount "118"]
[EventDate "2022.07.24"]
[EventType "swiss"]
[EventRounds "9"]
[EventCountry "SRB"]
[SourceTitle "CBM 209 Extra"]
[Source "ChessBase"]
[SourceDate "2022.09.30"]
[SourceVersion "1"]
[SourceVersionDate "2022.09.30"]
[SourceQuality "1"]

1. e4 e6 2. d4 d5 3. Nc3 Nc6 4. Bb5 dxe4 5. Nxe4 Qd5 6. Qe2 Bd7 7. c3 Nf6 8. Bd3 0-0-0 9. Nf3 e5 10. c4 Qa5+ 11. Bd2 Bb4 12. d5 Nxe4 13. Bxe4 Bg4 14. a3 Bxd2+ 15. Qxd2 Qxd2+ 16. Nxd2 Nd4 17. h3 Bh5 18. Rc1 f5 19. Bxf5+ Nxf5 20. g4 Bg6 21. gxf5 Bxf5 22. Nf1 Rhf8 23. Ne3 Be4 24. Rg1 Rf7 25. Ke2 Rdf8 26. Rcf1 h6 27. Rg3 Bf3+ 28. Kd3 g5 29. Ng4 Bxg4 30. hxg4 Rf4 31. Re1 Rxf2 32. b3 R8f3+ 33. Rxf3 Rxf3+ 34. Ke4 Rxb3 35. Kxe5 Rc3 36. Rh1 Rxc4 37. Rxh6 b5 38. Kf5 Rc3 39. a4 Rc5 40. Kxg5 Rxd5+ 41. Kf4 b4 42. g5 Rd1 43. g6 Rg1 44. Kf5 b3 45. Rh2 c5 46. Kf6 c4 47. Rh4 b2 48. Rxc4+ Kd7 49. Rb4 b1Q 50. Rxb1 Rxb1 51. g7 Rg1 52. Kf7 Kc6 53. g8Q Rxg8 54. Kxg8 Kb6 55. Kf7 Ka5 56. Ke6 Kxa4 57. Kd5 Kb4 58. Kd4 a5 59. Kd3 Kb3 0-1

[Event "TUR-chT2"]
[Site "Konya"]
[Date "2018.07.13"]
[Round "6.10"]
[White "Ekici, Caner"]
[Black "Kayan, Veli"]
[Result "0-1"]
[WhiteElo "1667"]
[BlackElo "1906"]
[PlyCount "94"]
[EventDate "2018.07.10"]
[EventType "team-swiss"]
[EventRounds "9"]
[EventCountry "TUR"]
[SourceTitle "EXT 2019"]
[Source "ChessBase"]
[SourceDate "2018.10.10"]
[SourceVersion "1"]
[SourceVersionDate "2018.10.10"]
[SourceQuality "1"]
[WhiteTeam "Coru Sunguluru Egitim"]
[BlackTeam "Mercan Egitim"]
[WhiteTeamCountry "TUR"]
[BlackTeamCountry "TUR"]

1. Nf3 Nf6 2. c4 d6 3. g3 e5 4. d3 g6 5. Bg2 Bg7 6. 0-0 0-0 7. Nc3 c6 8. Bg5 h6 9. Bxf6 Qxf6 10. e3 Be6 11. Nd2 Qe7 12. Qe2 Nd7 13. Rae1 a5 14. f4 a4 15. a3 Nc5 16. e4 Qd7 17. Qe3 Ra5 18. Rf2 Bg4 19. Kh1 exf4 20. gxf4 Ne6 21. Qg3 Nd4 22. Nf1 Rfa8 23. Ne3 Be6 24. Ne2 Nxe2 25. Rexe2 Rh5 26. Bf3 Rc5 27. Rg2 Qe7 28. Rg1 Bd7 29. f5 Be5 30. Qg2 Be8 31. Ng4 Bf4 32. Qh3 Kh7 33. Nf2 Qe5 34. Qg4 Bxh2 35. Rg2 Bf4 36. d4 Qxd4 37. Qxf4 Rxf5 38. Qg3 Rg5 39. Qh3 Rxg2 40. Kxg2 Ra5 41. Ng4 Rh5 42. Qg3 Rg5 43. Qh4 Qg7 44. Rd2 Bd7 45. Kf2 Bxg4 46. Bxg4 Qf6+ 47. Bf3 Rg2+ 0-1

[Event "TUR-chT2"]
[Site "Konya"]
[Date "2018.07.11"]
[Round "3.2"]
[White "Kayan, Veli"]
[Black "Cilek, Bora"]
[Result "1-0"]
[WhiteElo "1906"]
[BlackElo "2003"]
[PlyCount "105"]
[EventDate "2018.07.10"]
[EventType "team-swiss"]
[EventRounds "9"]
[EventCountry "TUR"]
[SourceTitle "EXT 2019"]
[Source "ChessBase"]
[SourceDate "2018.10.10"]
[SourceVersion "1"]
[SourceVersionDate "2018.10.10"]
[SourceQuality "1"]
[WhiteTeam "Mercan Egitim"]
[BlackTeam "Izmir Apaydin Dernegi"]
[WhiteTeamCountry "TUR"]
[BlackTeamCountry "TUR"]

1. e4 c5 2. Nf3 d6 3. d4 cxd4 4. Nxd4 Nf6 5. Nc3 g6 6. f4 Bg7 7. Bb5+ Nfd7 8. Be3 a6 9. Bc4 0-0 10. 0-0 Nf6 11. f5 Nc6 12. Nxc6 bxc6 13. Qf3 Kh8 14. Rad1 Nd7 15. Qh3 Ne5 16. Bb3 Qa5 17. Qh4 Bf6 18. Bg5 Qc5+ 19. Kh1 Bxg5 20. Qxg5 f6 21. Qh6 Bd7 22. fxg6 Nxg6 23. Nd5 Rae8 24. Nc7 Rc8 25. Ne6 Bxe6 26. Bxe6 Qxc2 27. Bf5 Rg8 28. e5 Qxb2 29. Bxc8 Rxc8 30. exd6 exd6 31. Rxd6 Qxa2 32. Rdxf6 Qg8 33. Qh3 Rc7 34. Qc3 Rg7 35. Rxc6 Ne7 36. Rxa6 Qd5 37. Qb2 Qc4 38. Ra8+ Ng8 39. Rff8 Qd5 40. Rxg8+ Qxg8 41. Rxg8+ Kxg8 42. h3 Rf7 43. Kh2 Rg7 44. g4 Rf7 45. Kg3 Rg7 46. Qb8+ Kf7 47. Kf4 Rg6 48. Qc7+ Kg8 49. Kf5 Kh8 50. g5 Kg8 51. Qe7 Kh8 52. h4 Rg7 53. Qe5 1-0

[Event "TUR Cup										"]
[Site "Antalya"]
[Date "2018.02.02"]
[Round "10"]
[White "Kara, Gulce Nehir"]
[Black "Kayan, Veli"]
[Result "0-1"]
[WhiteElo "1744"]
[BlackElo "1890"]
[PlyCount "88"]
[EventDate "2018.01.27"]
[EventType "swiss"]
[EventRounds "11"]
[EventCountry "TUR"]
[SourceTitle "CBM 182 Extra"]
[Source "ChessBase"]
[SourceDate "2018.02.23"]
[SourceVersion "1"]
[SourceVersionDate "2018.02.23"]
[SourceQuality "1"]

1. e4 c5 2. Nf3 d6 3. d4 cxd4 4. Nxd4 Nf6 5. Nc3 a6 6. Bg5 e6 7. f4 Be7 8. Qf3 Nbd7 9. 0-0-0 h6 10. Bh4 Qc7 11. Qg3 g5 12. fxg5 Rg8 13. Qf3 Ne5 14. Qe2 hxg5 15. Bg3 Nfd7 16. Qh5 Nf6 17. Qe2 b5 18. a3 Bd7 19. h3 Rc8 20. Kb1 Nc4 21. Be1 Qb7 22. g4 Bc6 23. Bg2 Nd7 24. Nd5 Bd8 25. Rf1 Nce5 26. Nb4 Be7 27. Bg3 Qb8 28. Nxa6 Qb6 29. Nb4 Qc7 30. Nbxc6 Nxc6 31. Nxb5 Qb6 32. Bxd6 Bf6 33. Qf2 Qxb5 34. e5 Ncxe5 35. Bxe5 Qxe5 36. c3 Rg6 37. Qa7 Qc7 38. Qe3 Rb8 39. Rc1 Ne5 40. Qe2 Nc4 41. Ka1 Rxb2 42. Qf3 Rb6 43. Qa8+ Ke7 44. Rf3 Nd2 0-1

[Event "TUR Cup										"]
[Site "Antalya"]
[Date "2018.01.29"]
[Round "4"]
[White "Akdogan, Alperen"]
[Black "Kayan, Veli"]
[Result "1-0"]
[WhiteElo "2262"]
[BlackElo "1890"]
[PlyCount "101"]
[EventDate "2018.01.27"]
[EventType "swiss"]
[EventRounds "11"]
[EventCountry "TUR"]
[SourceTitle "CBM 182 Extra"]
[Source "ChessBase"]
[SourceDate "2018.02.23"]
[SourceVersion "1"]
[SourceVersionDate "2018.02.23"]
[SourceQuality "1"]

1. d4 Nf6 2. Nf3 g6 3. Nbd2 Bg7 4. e4 d6 5. Bd3 0-0 6. 0-0 Nc6 7. Re1 e5 8. c3 a5 9. a4 Nh5 10. Nb3 h6 11. h3 Qf6 12. Bb5 Nf4 13. Bxf4 Qxf4 14. Qe2 g5 15. Bxc6 bxc6 16. dxe5 Bxe5 17. Nxe5 Qxe5 18. Nd4 c5 19. Nb5 c6 20. Na3 Ba6 21. Qd2 Rab8 22. Rad1 Rfd8 23. Qc1 Rb7 24. h4 Rdb8 25. hxg5 hxg5 26. Nc2 Qf6 27. Ne3 Rxb2 28. Ng4 Qg6 29. e5 d5 30. Qe3 Kg7 31. e6 f6 32. Qxc5 Re8 33. Qxc6 Be2 34. Qd7+ Kf8 35. Rxe2 Rxe2 36. Ne3 f5 37. Qb5 Ra2 38. Qb3 Re2 39. Qb5 Ra2 40. Rxd5 Ra1+ 41. Nf1 Rxe6 42. Rxf5+ Rf6 43. Qc5+ Kf7 44. Qd5+ Kf8 45. Qd8+ Kf7 46. Rb5 Rb1 47. Re5 Rxf1+ 48. Kxf1 Qb1+ 49. Re1 Qb2 50. Qe8+ Kg7 51. Re7+ 1-0

[Event "TUR Cup										"]
[Site "Antalya"]
[Date "2018.01.28"]
[Round "2"]
[White "Goktas, Fahreddin"]
[Black "Kayan, Veli"]
[Result "0-1"]
[WhiteElo "1703"]
[BlackElo "1890"]
[PlyCount "88"]
[EventDate "2018.01.27"]
[EventType "swiss"]
[EventRounds "11"]
[EventCountry "TUR"]
[SourceTitle "CBM 182 Extra"]
[Source "ChessBase"]
[SourceDate "2018.02.23"]
[SourceVersion "1"]
[SourceVersionDate "2018.02.23"]
[SourceQuality "1"]

1. e4 d6 2. d4 Nf6 3. Nc3 g6 4. Bc4 Bg7 5. Nge2 0-0 6. 0-0 c6 7. f3 b5 8. Bd3 Nbd7 9. d5 cxd5 10. Nxd5 Nxd5 11. exd5 Qb6+ 12. Kh1 Bb7 13. Nf4 Ne5 14. Qe2 b4 15. a3 a5 16. Rd1 Qc7 17. Bb5 Rac8 18. axb4 axb4 19. Ra7 Ra8 20. Rxa8 Rxa8 21. Be3 Rc8 22. Rc1 Nd7 23. c4 bxc3 24. bxc3 Nf6 25. c4 g5 26. Nd3 h6 27. Re1 Qb8 28. Nb4 e5 29. Qd3 Rf8 30. Bc6 Bc8 31. Rb1 Qc7 32. Ra1 Nh5 33. Bb5 e4 34. Qb1 Bxa1 35. Qxa1 exf3 36. gxf3 Qe7 37. Qd4 Bh3 38. Nc6 Qd7 39. Qe4 Qc7 40. Bd4 Ng7 41. f4 f5 42. Qe3 Bg4 43. fxg5 f4 44. Qg1 Bf3+ 0-1

[Event "TUR Cup"]
[Site "Antalya"]
[Date "2017.01.30"]
[Round "4"]
[White "Kayan, Veli"]
[Black "Koc, Aylin"]
[Result "0-1"]
[WhiteElo "1878"]
[BlackElo "1460"]
[PlyCount "144"]
[EventDate "2017.01.28"]
[EventType "swiss"]
[EventRounds "11"]
[EventCountry "TUR"]
[SourceTitle "CBM 176 Extra"]
[Source "ChessBase"]
[SourceDate "2017.03.02"]
[SourceVersion "1"]
[SourceVersionDate "2017.03.02"]
[SourceQuality "1"]

1. d4 d5 2. Nf3 Bg4 3. e3 e6 4. Bd3 Nf6 5. Nbd2 Bd6 6. b3 Nbd7 7. Bb2 c6 8. 0-0 0-0 9. Qe1 Qc7 10. c4 c5 11. Rc1 Rac8 12. Bb1 Qb8 13. dxc5 Bxc5 14. Nd4 e5 15. Nc2 dxc4 16. Nxc4 b5 17. Nd2 Bd6 18. f3 Bh5 19. Kh1 Bg6 20. e4 Qb6 21. Ne3 Bc5 22. Nf5 Nh5 23. a3 a5 24. Qh4 Rfe8 25. a4 Bxf5 26. exf5 Ndf6 27. Ne4 bxa4 28. Nxc5 Rxc5 29. Rxc5 Qxc5 30. Qxa4 Nf4 31. g3 Nh3 32. Kg2 Qe3 33. Kxh3 Qe2 34. Qc4 Qxb2 35. g4 Qd2 36. Kg3 Nd5 37. Rf2 Qd1 38. Rf1 Qd2 39. Rf2 Qd1 40. Qf1 Qd4 41. Be4 Nf6 42. Re2 Rb8 43. Qc1 h6 44. Qe3 Qb4 45. Bc2 Re8 46. h4 Nd5 47. Qe4 Nf4 48. Rh2 Qc5 49. Rf2 Nh3 50. Rg2 Nf4 51. f6 gxf6 52. Rf2 Nh3 53. Rd2 Nf4 54. Rf2 Nh3 55. Re2 Nf4 56. Qh7+ Kf8 57. Qxh6+ Ke7 58. Qxf4 Qg1+ 59. Kh3 Qf1+ 60. Kg3 Qxe2 61. Qe4 Qxe4 62. Bxe4 Kd6 63. Bd3 Rc8 64. h5 Rc3 65. Bc4 Ke7 66. Kf2 a4 67. h6 Kf8 68. h7 Kg7 69. Bxf7 axb3 70. Ke2 b2 71. Kd2 b1Q 72. Kxc3 Qxh7 0-1

[Event "Manavgat Turkey Cup"]
[Site "Manavgat"]
[Date "2016.02.05"]
[Round "10"]
[White "Demirag, Batuhan"]
[Black "Kayan, Veli"]
[Result "1-0"]
[WhiteElo "1830"]
[BlackElo "1725"]
[PlyCount "79"]
[EventDate "2016.01.30"]
[EventType "swiss"]
[EventRounds "11"]
[EventCountry "TUR"]
[SourceTitle "CBM 170 Extra"]
[Source "ChessBase"]
[SourceDate "2016.02.25"]
[SourceVersion "1"]
[SourceVersionDate "2016.02.25"]
[SourceQuality "1"]

1. e4 e5 2. Nf3 Nc6 3. Bb5 a6 4. Ba4 Nf6 5. d3 b5 6. Bb3 Be7 7. c3 0-0 8. 0-0 d6 9. Nbd2 Bg4 10. h3 Bh5 11. Re1 Na5 12. Bc2 c5 13. Nf1 Nc6 14. Ng3 Bg6 15. d4 c4 16. Nf5 Bxf5 17. exf5 Qc7 18. Bg5 Rad8 19. Qe2 Nd5 20. Bxe7 Qxe7 21. Qe4 Nf6 22. Qxc6 Rc8 23. Qxa6 Ra8 24. Qxb5 Qc7 25. dxe5 Rfb8 26. exd6 Qxd6 27. Qe5 Qxe5 28. Rxe5 Rxb2 29. Be4 Ra3 30. Rc5 h6 31. Rxc4 Nxe4 32. Rxe4 Rxc3 33. a4 Rcc2 34. a5 Rc5 35. Ne1 Rxf5 36. a6 Rb8 37. a7 Ra8 38. Rb4 Kh7 39. Rb8 Rxa7 40. Rxa7 1-0

[Event "Manavgat Turkey Cup"]
[Site "Manavgat"]
[Date "2016.02.04"]
[Round "9"]
[White "Kayan, Veli"]
[Black "Duzgun, Abdurrahman"]
[Result "1-0"]
[WhiteElo "1725"]
[BlackElo "1605"]
[PlyCount "49"]
[EventDate "2016.01.30"]
[EventType "swiss"]
[EventRounds "11"]
[EventCountry "TUR"]
[SourceTitle "CBM 170 Extra"]
[Source "ChessBase"]
[SourceDate "2016.02.25"]
[SourceVersion "1"]
[SourceVersionDate "2016.02.25"]
[SourceQuality "1"]

1. e4 c5 2. d4 cxd4 3. c3 Nc6 4. Nf3 dxc3 5. Nxc3 g6 6. Bc4 e6 7. Bf4 a6 8. 0-0 Bg7 9. Rc1 Nge7 10. Qe2 0-0 11. Rfd1 b5 12. Bb3 Na5 13. Bc2 Nec6 14. Bb1 Nc4 15. b3 Na3 16. Bd3 Nb4 17. Bd6 Nxd3 18. Qxd3 Qa5 19. Bxf8 Bxf8 20. e5 b4 21. Ne4 Nb5 22. Nf6+ Kg7 23. Qe4 Rb8 24. Qf4 Qd8 25. Qh4 1-0

[Event "Manavgat Turkey Cup"]
[Site "Manavgat"]
[Date "2016.02.02"]
[Round "6"]
[White "Kayan, Veli"]
[Black "Gulbeyaz, Emir"]
[Result "0-1"]
[WhiteElo "1725"]
[BlackElo "1936"]
[PlyCount "136"]
[EventDate "2016.01.30"]
[EventType "swiss"]
[EventRounds "11"]
[EventCountry "TUR"]
[SourceTitle "CBM 170 Extra"]
[Source "ChessBase"]
[SourceDate "2016.02.25"]
[SourceVersion "1"]
[SourceVersionDate "2016.02.25"]
[SourceQuality "1"]

1. Nf3 Nf6 2. d4 g6 3. Bf4 Bg7 4. e3 0-0 5. Nbd2 d6 6. c3 Nc6 7. Be2 Re8 8. 0-0 e5 9. Bg5 e4 10. Ne1 h6 11. Bh4 g5 12. Bg3 Ne7 13. Nc2 Ng6 14. f3 d5 15. fxe4 dxe4 16. Nc4 Nh7 17. Bh5 Nhf8 18. N2a3 Be6 19. Nd2 f5 20. Nb5 Re7 21. c4 a6 22. Nc3 f4 23. Ncxe4 fxg3 24. Nxg3 Rf7 25. Qc2 Rxf1+ 26. Rxf1 Nh8 27. Qe4 Qc8 28. b3 Rb8 29. d5 Bd7 30. Qf3 Be8 31. Nde4 Nhg6 32. Nf6+ Kh8 33. Nge4 Qd8 34. Qf5 Nh4 35. Qh3 Bxh5 36. Nxh5 Qe7 37. Nef6 Nh7 38. Nxg7 Kxg7 39. Ng4 Qf8 40. Re1 Nf6 41. Nf2 Qc5 42. e4 Qd4 43. Qe3 Qxe3 44. Rxe3 Kf7 45. e5 Ng8 46. Ne4 Ng6 47. Nc5 Re8 48. g3 Ke7 49. Kf2 Rf8+ 50. Ke2 Rf5 51. e6 b6 52. Nxa6 Kd6 53. Nb4 N8e7 54. Nc2 c6 55. Nd4 Rf8 56. dxc6 Re8 57. b4 Nxc6 58. Nf5+ Kc7 59. b5 Nce5 60. Nxh6 Rxe6 61. Nf7 g4 62. Nh6 Re7 63. Nf5 Rh7 64. Rc3 Rxh2+ 65. Ke3 Rh5 66. Ke4 Nd7 67. Nd4 Nc5+ 68. Ke3 Re5+ 0-1